000 00538nam a22001817a 4500
005 20240920135651.0
008 240918b |||||||| |||| 00| 0 eng d
020 _a978-93-88280-71-6
041 _aeng
082 _a615.7
100 _aGUPTA, DR.R.D. & KIRTANE, DR. SANTOSH AND BABAR, DR. VISHAL BHARAT
_98531
245 _aMEDICINAL CHEMISTRY - I [B.PHARMA, 4TH SEMESTER ]
250 _a2ND, RE-PRINT ED, 2023 .
260 _aLUCKNOW
_bTHAKUR PUBLISHERS PVT.LTD
300 _a208;P
650 _aPHARMACY
_xB.PHARMA
942 _cBK
999 _c8660
_d8658